| 000 | 00881nam a22002177a 4500 | ||
|---|---|---|---|
| 999 |
_c6285 _d6285 |
||
| 003 | AR-CdUCM | ||
| 008 | 190314b ||||| |||| 00| 0 spa d | ||
| 040 |
_aMUNICIPALIDAD PROVINCIAL DEL CUSCO _cBIBLIOTECA MUNICIPAL DEL CUSCO |
||
| 082 |
_a869.5019 / _bC11 |
||
| 100 |
_aCabel Moscoso, Domingo Jesús, _92089 |
||
| 245 |
_aFiesta prohibida : _bapuntes para una interpretación de la nueva poesía peruana 60-80 / |
||
| 260 |
_aLima : _bSagsa, _c1990. |
||
| 300 |
_a382 paginas ; _bIlustraciones, _c20 cm. |
||
| 505 | _aIncluye bibliografía selecta de la poesía peruana, seudónimos y una clasificación por ocupaciones, lugar de origen y de residencia de poetas peruanos nacidos después de 1935. | ||
| 650 |
_aPoesía peruana _9806 |
||
| 650 |
_aHistoria y críticas _918044 |
||
| 650 |
_aSiglo XX _98 |
||
| 710 |
_aCONCYTEC _92809 |
||
| 942 |
_2ddc _cLIBROS |
||
| 945 | _awnts | ||